• 首页
  • 本馆介绍
  • 公告通知
  • 最新文献
  • 馆藏检索
  • 电子资源
  • 读者导购
  • 参考咨询
  • 我的图书馆
  • 登录
  • 详细信息显示
  • 放入我的书架
  • 预约/预借图书
  • 作者相关作品
  • 分类相关作品
  • 丛书相关作品
  • 出版社相关作品

书目信息

  • 表格格式
  • 工作单格式
  • 卡片格式
题名:
英语否定结构
    
 
作者: 王庆肇 编
分册:  
出版信息: 北京   商务印书馆  1982
页数: 58页
开本: 19cm
丛书名: 英语自学丛书
单 册:
中图分类: H314.3
科图分类:
主题词: 英语-否定(语法) , 否定(语法)-英语
电子资源:
ISBN:
000 00749nam2 2200277 45
001 0182002186
005 20040507093642.6
010    @dCNY0.25
091    @a9017.1208
100    @a19950612d1982 em y0chiy0121 ea
101 0  @achi
102    @aCN@b110000
105    @ay z 000yy
106    @ar
200 10 @a英语否定结构@Aying yu fou ding jie gou@f王庆肇编
210    @a北京@c商务印书馆@d1982
215    @a58页@d19cm
225 2  @a英语自学丛书
410  0 @120010@a英语自学丛书
606    @a英语-否定(语法)
606    @a否定(语法)-英语
690    @aH314.3@v3
701  0 @a王庆肇@Awang qing zhao@4编
801  0 @aCN@b上海图书馆@c20040507
801  2 @aCN@bNLC@c20040507
905    @f5@b130197-201@dH314.3@e105@b127023-025@f3@f1@b127022
    
    英语否定结构/王庆肇编.-北京:商务印书馆,1982
    58页;19cm.-(英语自学丛书)
    
    
    ISBN :CNY0.25
    
●
相关链接 在E读中查询图书 在五车中查询图书 在当当中查询图书 在豆瓣中查询图书


正题名:英语否定结构     索取号:H314.3/105         预约/预借

序号 登录号 条形码 馆藏地/架位号 状态 备注
1 0127022   001369806   密集书库/ [索取号:H314.3/105] 在馆    
2 0127023   001369904   密集书库/ [索取号:H314.3/105] 在馆    
3 0127024   001369879   密集书库/ [索取号:H314.3/105] 在馆    
4 0127025   001369913   第二样本阅览室/ [索取号:H314.3/105] 在馆    
5 0130197   001369897   第四借阅区/ [索取号:H314.3/105] 在馆    
6 0130198   001369824   密集书库/ [索取号:H314.3/105] 在馆    
7 0130199   001369799   密集书库/ [索取号:H314.3/105] 在馆    
8 0130200   001369833   密集书库/ [索取号:H314.3/105] 在馆    
9 0130201   001369860   密集书库/ [索取号:H314.3/105] 在馆    
唐山师范学院图书馆 欢迎您!
大连网信软件有限公司© 版权所有